[Event "SRB-chT Central"]
[Site "Kraljevo"]
[Date "2014.09.16"]
[Round "5.3"]
[White "Marjanovic, Slavoljub"]
[Black "Atalik, Suat"]
[Result "0-1"]
[WhiteElo "2473"]
[BlackElo "2549"]
[Annotator "Atalik,S"]
[PlyCount "68"]
[EventDate "2014.09.13"]
[EventType "team-tourn"]
[EventRounds "11"]
[EventCountry "SRB"]
[SourceTitle "CBM 163"]
[Source "ChessBase"]
[SourceDate "2014.11.11"]
[SourceVersion "1"]
[SourceVersionDate "2014.11.11"]
[SourceQuality "1"]
[WhiteTeam "Nis"]
[BlackTeam "Kraljevo"]
[WhiteTeamCountry "SRB"]
[BlackTeamCountry "SRB"]

1. e4 c5 2. Nf3 d6 3. d4 cxd4 4. Nxd4 Nf6 5. Nc3 a6 {I think Slavoljub
happened to be the first GM I had ever beaten and he is a Najdorf affiniciado
too. Guess what I did before this game I checked some of his games with Black
in this opening.} 6. a4 $5 e5 7. Nf3 {White is set up for Bc4 and/or Bg5.} (7.
Nde2 $5 Be6 8. f4 Be7 9. f5 Bd7 10. Ng3 Bc6 11. Bc4 Nbd7 $13) 7... Qc7 8. Bg5 (
8. Be3 Be7 9. a5 (9. Be2 O-O 10. O-O Nbd7) 9... O-O 10. Be2 Nbd7 11. O-O Nc5
12. Nd2 Be6 $132) (8. Be2 Nbd7) 8... Nbd7 9. Nd2 h6 10. Bxf6 $5 (10. Bh4 g5 11.
Bg3 Nc5 12. Qf3 Be7 13. Bc4 Be6 $132) 10... Nxf6 11. Bc4 Be6 12. Qe2 Rc8 13.
Bb3 Be7 14. O-O O-O 15. Rfc1 $146 {Defending c2 before invading d5.} (15. a5
Qc5) (15. Rfd1 Qc5 16. Nf1 $140 $2 Bg4 {are known variations.}) 15... Nd7 $6 {
A particularly interesting move, being the product of half an hour's
reflection.} (15... Rfd8 16. Nf1 d5 17. exd5 Nxd5 18. Nxd5 Bxd5 19. Bxd5 Rxd5
20. Ne3 $11 {looked to me too equalish.}) (15... Qc5 16. Nf1 Qb4 17. Ne3 Bxb3
18. cxb3 (18. Nf5 $6 Bc4 19. Nxe7+ Kh8 $17) 18... Qxb3 19. Rd1 (19. Ncd5 $6
Nxd5 20. Nxd5 Bg5 $17) 19... Qe6 20. Rd3 $44) 16. Nd5 $6 {Falling into the
trap.} (16. Nf1 $6 Bg5 17. Rd1 Bxb3 18. cxb3 Nc5 19. Nd5 Qd8 20. Qf3 Ne6 $36) (
{Obviously the move is} 16. Rd1 $1 Qc5 17. Nd5 $1 Bd8 18. Nc4 $16 {should have
refuted the idea.}) 16... Bxd5 17. Bxd5 Bg5 {Threatening Nf6.} 18. Bb3 $2 {
An invitation to a repetition of moves which is part of a negative approach to
our game.} (18. c3 Nf6 19. Qd3 Qb6 20. Rc2 Nxd5 21. Qxd5 Rc5 22. Qd3 Rd8 $11 {
and I am afraid White is no worse after all.}) 18... Nc5 19. Bd5 Ne6 ({Of
course not} 19... Nd7) 20. Bxe6 $2 {This opens the f -file which quickly
becomes lethal.} (20. Qd1 Nf4 21. Bb3 Qd7 $5 $40) 20... fxe6 21. c3 Qb6 $19 {
Practically a double attack on b2 and f2.} 22. Nc4 Rxc4 23. Qxc4 Qxf2+ 24. Kh1
Bxc1 25. Rxc1 (25. Qxe6+ $2 Kh8 {leaves the back rank undefended.}) 25... d5 $1
{After this the e-pawn simply runs down the board.} 26. exd5 Qd2 27. Rg1 $6 {
White has to go into the queen endgame which almost always enables the most
resistance.} (27. Rf1 $1 Rxf1+ 28. Qxf1 exd5 29. Qb1 (29. h3 Qxb2 30. Qf5 Qc1+
31. Kh2 Qf4+ $19) 29... d4 30. cxd4 exd4 31. h3 d3 32. Qa2+ Kh8 33. Qc4 Qc2 34.
Qe4 Qc1+ 35. Kh2 Qc7+ 36. Kg1 Qd8 37. Qe1 d2 38. Qd1 Qd4+ 39. Kf1 Qe3 $1 $19)
27... exd5 28. Qg4 e4 29. h3 (29. Rd1 e3 30. h3 Qf2 {transposes into the game.}
(30... e2 $4 31. Qe6+ Kh8 32. Rxd2)) 29... e3 30. Rd1 Qf2 31. Qe6+ Kh8 32. Rxd5
(32. Rd3 e2 (32... Qe1+ 33. Kh2 Rf1 $19) 33. Re3 Qxe3 $19) 32... e2 33. Re5
Qf1+ $5 {Old habits die hard, I was looking for the promotion rather than a
checkmate.} (33... Qe1+ $1 34. Kh2 Rf1 $19 {and the checkmate is unavoidable.})
(33... Qg3 $1 $19 {is another coup de gråce.}) 34. Kh2 Qf4+ (34... Qf4+ 35. Kg1
Qxe5 36. Qxe5 Rf1+ 37. Kh2 e1=Q $19) 0-1

[Event "CRO Cup"]
[Site "Sibenik"]
[Date "2006.05.12"]
[Round "3"]
[White "Palac, Mladen"]
[Black "Atalik, Suat"]
[Result "0-1"]
[WhiteElo "2561"]
[BlackElo "2632"]
[Annotator "Atalik,S"]
[PlyCount "102"]
[EventDate "2006.05.10"]
[EventType "team"]
[EventRounds "5"]
[EventCountry "CRO"]
[SourceTitle "CBM 112 Extra"]
[Source "ChessBase"]
[SourceDate "2006.07.14"]
[SourceVersion "1"]
[SourceVersionDate "2006.07.14"]
[SourceQuality "1"]

1. e4 c5 2. Nf3 d6 3. d4 cxd4 4. Nxd4 Nf6 5. Nc3 a6 {Sometimes to play your
opponents main weapon against him turns out to be a good strategy.Mladen is a
great practioner of Najdorf.} 6. Be3 Ng4 7. Bg5 h6 8. Bc1 $5 {An interesting
move I immediately started to think by provoking me to play h6 which line
might have become more dangerous for black.} ({Before the game my preparation
was based upon how Sakaev treats this position with black.} 8. Bh4 g5 9. Bg3
Bg7 10. h3 Ne5 11. Nf5 Bxf5 12. exf5 Nbd7 13. Nd5 Nb6 $11) 8... Nc6 (8... Nf6
9. Bc4 {This is what I thought to be justified more than other systems:The
Sozin.} e6 10. Bb3 Nbd7 $13 {was Kamat's choice and h6 should not make much
difference.}) 9. Be2 Nf6 10. Be3 e6 (10... e5 $5 {was also possible.} 11. Nb3
Be7 12. Nd5 (12. a4 Be6 13. Nd5 O-O $13) 12... Nxd5 13. exd5 Nb8 $13) 11. f4
Be7 12. O-O Bd7 13. Qe1 Nxd4 14. Bxd4 Bc6 15. Qg3 O-O (15... Nxe4 16. Nxe4 Bxe4
17. Qxg7 Rh7 (17... Rf8 18. Bf3) 18. Qg3 Bf6 19. Qe3 d5 20. Bd3 Bxd4 21. Qxd4
f5 22. Rad1 Qc7 23. Bxe4 fxe4 24. c4 Qxc4 25. Qe5 $1 $16 {looks very dangerous
in principal because of black's loose pawn structure and king.}) (15... g5 $2
16. Rad1) 16. Rad1 Qa5 {Now we have a Scheveningen with h6 which increases
white's attacking chances quite a lot since black sometimes tries to play g6
to relieve the pressure in this sytem and now he is deprived of this
possibility.} 17. a3 (17. Bf3 Rad8) 17... Rad8 (17... Rae8 18. Kh1) 18. Kh1 Qc7
19. e5 $6 {This relieves the tension way too early.} (19. Rd3 $142 b5 20. Rdf3
Qb7 21. Bd3 $40) (19. Bf3 Rd7) 19... dxe5 20. Bxe5 Qc8 21. Bd3 Nh5 (21... h5
22. Qg5) 22. Qh3 Nf6 23. f5 exf5 (23... Nd7 24. Bxg7 $5 {looked dangerous
during the game but maybe it just looks.} Kxg7 25. fxe6 Nf6 $1 26. Qg3+ Kh8 27.
Qf4 Kg7 $11) 24. Bxf5 Rxd1 25. Rxd1 (25. Nxd1 Bd7 26. Ne3 Be6 $1 27. Qg3 Qc6
$11) 25... Qa8 $1 {By every move black comes close to equalise.} 26. Ne2 Ne4
27. Bxe4 (27. Rf1 Bf6 28. Bf4 Rd8 29. Bxh6 $2 Rd1 $3) (27. Bd4 Re8) 27... Bxe4
28. Qg4 (28. Qg3 $6 f6 29. Bf4 Kh7 30. Rd7 Qe8 $15) 28... Bg6 29. Nf4 Qc8 30.
Qxc8 Rxc8 31. Nxg6 fxg6 $11 {By some careful play black finally achieved
equality.} 32. c3 (32. Rd7 Rxc2 33. g3 Bf6 34. Bxf6 gxf6 35. Rxb7 $11) 32...
Re8 $1 {Here |^ already started to lick my chips.} 33. g4 $4 {Draw offer.} (33.
h3 Bxa3 34. bxa3 Rxe5 35. Rd7 Rc5 36. Rxb7 Rxc3 37. Rb6 Rxa3 38. Rxg6 Kh7 39.
Rc6 h5 40. h4 $11 {should draw.}) (33. Bg3 Bg5 34. h4 Bf6 35. Rd7 b5 36. Rd6
Re2 37. Rxa6 Rxb2 38. a4 bxa4 39. Rxa4 Bxc3 $11 {and black has only a tiny
advantage.}) (33. Bd4 Bg5 34. Kg1 Re2 35. c4 $11) 33... Bxa3 34. Bxg7 (34. bxa3
Rxe5 35. Rd7 Rc5 36. Rxb7 Rxc3 37. Rb6 Rxa3 38. Rxg6 Ra2 $19 {The difference
between 33.h3 and 33.g4 lies here.After the text his second rank completely
exposed makes his king to be confined to the first.}) 34... Bxb2 $19 35. Rd7 b5
36. Bd4 Re6 $1 {Another exact move.} ({The tempting exchange sac does not work
yet.} 36... Re1+ 37. Kg2 Rd1 $2 38. Rg7+ Kf8 39. Rxg6 Rxd4 40. cxd4 a5 41. Rb6
b4 42. Rb5 Bxd4 43. Rxa5 $18) 37. Rg7+ Kf8 38. Rc7 Ke8 39. Bg7 Re7 40. Rc8+ Kd7
41. Ra8 Re6 $1 {The simplest.} (41... b4 42. Rxa6 Bxc3 $1 {may also win butthe
text is simpler.} (42... bxc3 $2 43. Rxg6 $11)) 42. Ra7+ Kc8 43. Bxh6 Bxc3 44.
Bf4 b4 45. Kg2 g5 $1 46. Ra8+ (46. Bxg5 b3 47. Bc1 a5 $19 (47... Re1 48. Ba3
Ra1 49. Rxa6 Ra2+ 50. Kf3 Kb7 51. Ra4 b2 $19)) 46... Kb7 47. Rb8+ Ka7 48. Bg3
a5 {Now the pawns roll.} 49. Rb5 Ka6 50. Rxg5 (50. Rb8 Rb6) 50... b3 51. Rg8 b2
0-1

[Event "Presidents Cup "]
[Site "Elista"]
[Date "1998.05.12"]
[Round "2.5"]
[White "Zvjaginsev, Vadim"]
[Black "Ivanchuk, Vassily"]
[Result "1/2-1/2"]
[WhiteElo "2655"]
[BlackElo "2740"]
[Annotator "Atlas,V"]
[PlyCount "92"]
[EventDate "1998.05.07"]
[EventType "k.o."]
[EventRounds "6"]
[EventCountry "RUS"]
[SourceTitle "CBM 065"]
[Source "ChessBase"]
[SourceDate "1998.08.06"]
[SourceVersion "1"]
[SourceVersionDate "1998.08.06"]
[SourceQuality "1"]

1. e4 c5 2. Nf3 d6 3. d4 cxd4 4. Nxd4 Nf6 5. Nc3 a6 6. Rg1 $5 {A rare, but
interesting continuation. One of the most adamant adherents of this unusual
rook move is G. Todorovic, scoring good results in this rarely played line.} b5
(6... Nc6 7. g4 (7. Nxc6 bxc6 8. g4 e6 9. g5 Nd7 10. b3 d5 11. Bb2 Bd6 12. h4
Bb7 13. Qe2 {1/2-1/2 Wahls,M-Lutz,C/Wichern-op 1995}) 7... d5 8. exd5 Nxd5 9.
Nxd5 Qxd5 10. Be3 Bd7 11. Bg2 Qa5+ 12. c3 e5 13. Nxc6 Bxc6 14. Bxc6+ bxc6 15.
Qb3 Qb5 16. O-O-O Be7 17. c4 Qxb3 18. axb3 Rd8 19. Kc2 Bb4 20. Rxd8+ Kxd8 21.
Ra1 {1-0 Todorovic,G-Lazic,D/JUG-Cup 1990 (43)}) (6... e5 7. Nb3 Be6 8. g4 d5
9. exd5 Nxd5 10. Nxd5 Qxd5 11. Be3 Nc6 (11... Qxd1+ 12. Rxd1 Nd7 13. Be2 O-O-O
14. f4 f6 15. f5 Bf7 16. Bf3 e4 17. Bxe4 Bxb3 18. axb3 Re8 19. Bxb7+ Kc7 20.
Rg3 Bd6 21. Rxd6 Kxd6 22. Bxa6 {1-0 Todorovic,G-Dzevlan,M/JUG-chT Cetinje 1991
(40)}) 12. Qxd5 Bxd5 13. f4 exf4 14. Bxf4 Bxb3 15. axb3 Bc5 16. Rg3 O-O-O 17.
Bd3 Rhe8+ 18. Kf1 g6 19. Rd1 Nb4 {1/2-1/2 Todorovic,G-Nevostrujev,V/Novi Sad
1992}) (6... g6 7. g4 Bg7 8. Be2 Nc6 9. Nb3 O-O 10. f4 b5 11. a3 Bb7 12. g5 Nd7
13. Be3 Rc8 14. Bg4 Rb8 15. Rg3 Nb6 16. Bxb6 Qxb6 17. Nd5 Qd8 18. c3 e6 19. Ne3
Na5 20. Nxa5 Qxa5 {0-1 Petronic,J-Ilincic,Z/JUG-ch 1991 (58)}) 7. g4 e6 8. g5
Nfd7 9. Rg3 Bb7 10. a3 Be7 11. Bg2 Nc6 12. f4 Nxd4 13. Qxd4 O-O 14. Qf2 Rc8 15.
Be3 $6 {15.Bd2 or 15.Kf1 was to be preferred. Now Black manages to seize the
initiative.} Rxc3 $1 {[%csl Re4][%cal Gd8c7,Gc7c3,Gc4e4,Gb7e4,Gd7c5,Gc5e4]
This thematic exchange sacrifice yields Black a stable initiative and better
chances.} 16. bxc3 Qc7 17. Kf1 (17. Bd4 {is falls short after} e5) ({If} 17.
Bd2 {then Black can choose between 17...Nb6 and 17...Nc5.}) 17... Qc4+ ({
Going for the central pawn. Still,} 17... Qxc3 {was an interesting alternative.
}) 18. Kg1 Bxe4 19. Bd4 Bxg2 20. Rxg2 d5 (20... e5 $5 {deserved seious
attention.}) 21. f5 Bc5 (21... e5 {is met by} 22. f6) 22. f6 Rc8 (22... g6 $5)
23. fxg7 Qxc3 $1 {Transforming the game into a very difficult for White ending.
} 24. Bxc3 Bxf2+ 25. Rxf2 Rxc3 26. a4 b4 27. a5 $1 {Otherwise after 27...e5
White has no chances to save the game.} Kxg7 28. Re1 Rc4 29. h3 Kg6 30. Ree2 e5
31. Re1 e4 32. Ref1 Ne5 33. Rf6+ Kg7 34. Rxa6 Rxc2 35. Rb6 Nf3+ ({The most
natural continuation, but it seems that} 35... e3 {posed much more serious
problems before White, e.g.:} 36. Rf5 Rc1+ (36... Nd3 37. Rb7 e2 38. Rbxf7+ Kg6
39. R7f6+ Kh5 $140 $4 40. Rh6#) (36... Nc4 37. Rbf6 $11) 37. Rf1 (37. Kg2 Ng6 (
37... Nd7 38. Rd6 e2 39. Rxd7 e1=Q 40. Rdxf7+ Kg6 41. R7f6+ $11) 38. Rf1 Nf4+
39. Kg1 Nxh3+) 37... Rc5 38. Ra1 (38. a6 Ra5) 38... Rc2 39. Rf6 b3 $19) 36.
Rxf3 exf3 37. Rxb4 Ra2 38. Rf4 Kg6 39. Rf6+ Kg7 40. a6 {Now the draw outcome
is evident.} d4 41. Rd6 f2+ 42. Kf1 Ra5 43. Rxd4 Rxg5 44. Kxf2 Ra5 45. Rd6 Ra3
46. h4 h5 1/2-1/2

[Event "Breda m"]
[Site "Breda"]
[Date "1998.05.08"]
[Round "2"]
[White "Timman, Jan H"]
[Black "Van Wely, Loek"]
[Result "0-1"]
[WhiteElo "2635"]
[BlackElo "2605"]
[Annotator "Atlas,V"]
[PlyCount "85"]
[EventDate "1998.05.07"]
[EventType "match"]
[EventRounds "10"]
[EventCountry "NED"]
[SourceTitle "CBM 065"]
[Source "ChessBase"]
[SourceDate "1998.08.06"]
[SourceVersion "1"]
[SourceVersionDate "1998.08.06"]
[SourceQuality "1"]

1. e4 c5 2. Nf3 d6 3. d4 cxd4 4. Nxd4 Nf6 5. Nc3 a6 6. Be3 Nc6 7. Qe2 {A rare,
but interesting continuation.} Nxd4 8. Bxd4 e5 9. Be3 Be6 10. f4 exf4 11. Bxf4
Rc8 12. Qd2 (12. O-O-O $2 {fails to} Bg4) 12... Be7 13. O-O-O O-O {Black can
be fully satisfied with the results of the opening phase. His pieces are very
active, and the attacking chances on the quuenside seem very promising, whilst
his king enjoys full security on the kingside.} 14. Bd3 ({After} 14. Bxd6 Bxd6
15. Qxd6 Qa5 {Black obtains a good compensation for the sacrificed pawn.}) (14.
h3 {/\Be3-d4 was to be preferred.}) 14... Ng4 $1 {[%csl Ra2,Rc3][%cal Ge7f6,
Gf6c3,Gc8c3,Gd8a5,Ga5c3,Ga5a2,Gb6f2,Gd8b6,Gg4f2] A good move. Black intends to
centralize his knight and transfer his dark-squared bishop to the big diagonal.
} 15. Nd5 $6 {A natural reaction, which seems, however, untimely in this
position. Better was 15.h3, although Black has a clearly superior position.}
Bxd5 16. exd5 Bf6 {With the terrible threat 17...Qb6.} 17. Bf5 $6 ({After this
mistake the White has very little chance to save the game.} 17. Kb1 {was bad
in view of} Qb6 18. c3 $140 $4 Bxc3) (17. Qb4 $1 {was to be preferred}) 17...
Bxb2+ 18. Kxb2 Qf6+ 19. c3 Qxf5 20. Bxd6 Rfe8 {Seizing the only open line and
creting a threat 21...Ne3.} 21. Bf4 Nf6 $1 {Involving the knight into attack.
Now the threats 21...Ne4 and 21...Nd5 are very unpleasant.} 22. g4 {White
hopes to obtain counterplay after 22...Qg4 23.Rhg1} Qd7 $1 {[%csl Rc3,Rd5]
[%cal Gd7b5,Gb5a4,Gb5b2,Gc8c3,Ge8e2,Gf6d5,Gf6e4,Ge4c3] Declining the pawn
sacrifice and transferring the queen to the queenside.} 23. Rhe1 {This move
loses the d5-pawn, but White had no better defense against Black's manifold
threats.} Rxe1 24. Rxe1 Qb5+ 25. Ka1 Nxd5 26. Be5 Re8 27. Bd4 Rxe1+ 28. Qxe1
Nf4 29. Qg3 (29. Qe5 $4 Qf1+ 30. Kb2 Nd3+) 29... Qf1+ 30. Kb2 h6 31. Qe3 Qg2+
32. Ka3 Ne6 33. h3 b5 34. Bb6 Qc2 35. Qe5 Qd3 36. Qe3 Qc4 37. Qf3 Nf4 38. Ba5
Nd3 {Threatening 39...Qa4#.} 39. Bb4 (39. Qd1 {was more stubborn, although
White's position is unbearable at any rate.}) 39... Nc1 40. Qa8+ (40. Qg2 {
is refuted by} a5 41. Bxa5 Qa4+ 42. Kb2 Nd3+ 43. Kb1 Qd1#) 40... Kh7 41. Qg2
Nd3 42. Qc2 f5 $1 {The final subtlety.} 43. Bd6 0-1

[Event "Presidents Cup "]
[Site "Elista"]
[Date "1998.05.12"]
[Round "2.4"]
[White "Zvjaginsev, Vadim"]
[Black "Ivanchuk, Vassily"]
[Result "1-0"]
[WhiteElo "2655"]
[BlackElo "2740"]
[Annotator "Atlas,V"]
[PlyCount "73"]
[EventDate "1998.05.07"]
[EventType "k.o."]
[EventRounds "6"]
[EventCountry "RUS"]
[SourceTitle "CBM 065"]
[Source "ChessBase"]
[SourceDate "1998.08.06"]
[SourceVersion "1"]
[SourceVersionDate "1998.08.06"]
[SourceQuality "1"]

1. e4 c5 2. Nf3 d6 3. d4 cxd4 4. Nxd4 Nf6 5. Nc3 a6 6. Rg1 $5 {This rare move
was also tested in Zvjaginzev's next white game against Ivanchuk, where Black
opted for 6...b5.} Nc6 7. g4 (7. Nxc6 bxc6 8. g4 e6 9. g5 Nd7 10. b3 d5 11. Bb2
Bd6 12. h4 Bb7 13. Qe2 {1/2-1/2 Wahls,M-Lutz,C/Wichern-op 1995}) 7... Nxd4 (
7... d5 8. exd5 Nxd5 9. Nxd5 Qxd5 10. Be3 Bd7 11. Bg2 Qa5+ 12. c3 e5 13. Nxc6
Bxc6 14. Bxc6+ bxc6 15. Qb3 Qb5 16. O-O-O Be7 17. c4 Qxb3 18. axb3 Rd8 19. Kc2
Bb4 20. Rxd8+ Kxd8 21. Ra1 {1-0 Todorovic,G-Lazic,D/JUG-Cup 1990 (43)}) 8. Qxd4
e5 9. Qd1 Be6 10. g5 Nd7 11. Qf3 Rc8 12. Bh3 Be7 13. Be3 (13. Bd2 {was an
alternative here.}) 13... Rxc3 $5 {It is worth noting that the game
Zvjagintzev - Ivanchuk, mentioned above, developed according to a similar
scenario. Black also sacrificed an exchange on c3 and obtained good
counterchances.} 14. bxc3 Qc7 {[%csl Rc2,Rc3,Re4][%cal Gc7c3]} 15. Bxe6 Qxc3+
16. Kf1 fxe6 17. Kg2 Qc4 18. a4 Rf8 (18... d5 $5 {deserved here serious
attention.}) 19. Qg4 {[%cal Ge8d8,Gd8c7]} d5 $6 ({The most natural decision.
Also king trasfer to the queenside (} 19... Kd8 20. Rgb1 Kc7 {) was a good
option.}) 20. c3 $1 Nc5 (20... d4 {is suicidal in view of} 21. cxd4 exd4 22.
Rgc1) 21. Bxc5 Rf4 22. Qh5+ (22. Qxe6 $2 {yields Black minimum a draw after}
Qxe4+ 23. Kf1 (23. Kh3 $4 Rh4+ $19) 23... Qc4+) 22... g6 23. Qh3 Qxc5 ({
Certainly, not} 23... Qxe4+ 24. f3 Qe2+ 25. Bf2) 24. Rgf1 Qc6 25. Qxh7 Rg4+ 26.
Kh1 Rxg5 27. Rg1 Qxc3 28. Rxg5 Bxg5 (28... Qxa1+ 29. Rg1 Qxa4 {was a good
alternative.}) 29. Rb1 Qf3+ 30. Kg1 Qg4+ 31. Kf1 Be7 32. Qh8+ Kf7 33. Qxe5 dxe4
34. Qg3 Qf5 35. Rxb7 g5 36. Rd7 Kf6 37. Ke1 $6 {A strange outcome, most
probably, caused by Black's time-trouble. At any ratem in the final position
Black can play 37...Qa5+, winning the a4 pawn, and the normal outcome of the
game should be a draw.} 1-0

[Event "RUS-chT 05th"]
[Site "Maikop"]
[Date "1998.06.09"]
[Round "7"]
[White "Svidler, Peter"]
[Black "Savchenko, Stanislav"]
[Result "1-0"]
[WhiteElo "2690"]
[BlackElo "2595"]
[Annotator "Atlas,V"]
[PlyCount "113"]
[EventDate "1998.06.03"]
[EventType "team-tourn"]
[EventRounds "11"]
[EventCountry "RUS"]
[SourceTitle "CBM 066"]
[Source "ChessBase"]
[SourceDate "1998.09.30"]
[SourceVersion "1"]
[SourceVersionDate "1998.09.30"]
[SourceQuality "1"]
[WhiteTeam "Sankt Petersburg"]
[BlackTeam "Noyabrsk Yamal"]
[WhiteTeamCountry "RUS"]
[BlackTeamCountry "RUS"]

1. e4 c5 2. Nf3 d6 3. d4 cxd4 4. Nxd4 Nf6 5. Nc3 a6 6. Be3 e5 7. Nb3 Be6 8. f3
Nbd7 9. Qd2 Be7 10. g4 h6 11. O-O-O b5 12. h4 Nb6 13. Qf2 Nfd7 (13... Rb8 14.
Kb1 b4 (14... Nc4 15. Ba7 Ra8 16. Bxc4 bxc4 17. Nc1 Qc7 18. Be3 Rb8 19. N1e2
Qb7 20. Bc1 Nd7 21. Qg2 Nc5 22. g5 {Almasi,Z-Lutz,C/Vienna op 1996/EXP 53/1-0 
(61)}) 15. Bxb6 Qxb6 16. Qxb6 Rxb6 17. Nd5 Nxd5 18. exd5 Bd7 19. Bd3 h5 20. g5
f5 21. gxf6 Bxf6 {1/2-1/2 Almasi,Z-Lautier,J/Tilburg Fontys 1996/CBM 56 (34)})
14. Kb1 (14. f4 Bxg4 15. Be2 Bxe2 16. Qxe2 b4 17. Nd5 Nxd5 18. Rxd5 Nf6 19.
Rdd1 Qc7 20. h5 Rc8 21. Rhg1 {0-1 Horvath,T-Groszpeter,A/HUN-ch 1980/MCD-ch 
(29)}) 14... Qc7 (14... Nc4 15. Bxc4 bxc4 16. Nc1 Rb8 17. N1e2 Qc7 18. Bc1 Rb7
19. Ka1 Qc6 20. Qg3 Nb6 21. f4 f6 22. g5 {Adams,M-Szekely,P/Hastings op 1987/
EXT 97/1-0 (53)}) (14... Rc8 15. Nd5 Bxd5 16. exd5 Nc4 17. Bc1 Qb6 18. Qe1 b4
19. Bd3 (19. Bh3 a5 20. Rd3 Qc7 21. Qd1 Bxh4 22. f4 Be7 23. g5 hxg5 24. Bxd7+ {
1-0 Torok,J-Farkas,T/HUN-chT2 1993/TD 93\10 (31)}) 19... h5 {1/2-1/2
Sittenfeld,J-Dzevlan,M/Sollentuna op 1995/EXT 95op}) 15. Nd5 $1 ({This
continuation is much stronger than passive} 15. Bd3 b4 16. Ne2 d5 17. Qg3 Bd6
18. g5 h5 19. f4 Bg4 20. fxe5 Bxe5 21. Qf2 O-O 22. exd5 Nxd5 23. Bc1 N7b6 $36 {
Labuckas,A-Lapienis,D/LTU-ch 1996/EXP 53/0-1 (55)}) 15... Bxd5 16. exd5 Nc4 (
16... Na4 $6 {was tried in the game Feher,G-Kuczynski,R/Cappelle op 1992/EXT
92op, and draw was agreed upon after} 17. Bd3 Ndb6 {Still, it seems that White
has an advantage in the final position. The text move looks stronger.}) 17. Bc1
a5 18. Bd3 a4 19. Nd2 Rb8 20. Ne4 b4 (20... Nc5 $5 {was an interesting option
here.}) 21. Qe2 Rc8 22. g5 a3 $2 (22... h5 {was to be preferred.}) 23. b3 Nb2
24. gxh6 $1 Nxd1 $2 ({Bettter was} 24... gxh6 {The text move allows White to
obtain overhelming compensation for the sacrificed exchange.}) 25. hxg7 Rg8 26.
Qxd1 Rxg7 27. h5 {[%csl Rh7][%cal Gh5h7,Gd3h7] Now the h-pawn easily reaches
h7, as White controls the b1-h7 diagonal.} Rg8 28. h6 Nc5 (28... Nf8 {is
strongly met by} 29. f4 $1) 29. Bb5+ Kd8 30. h7 Rh8 31. Bc6 {[%csl Rg7,Rg8]
[%cal Gd1g1,Gg1g8]} (31. Qg1 $5 {deserved attention here, e.g.:} Nxe4 (31...
Nxb3 32. Qg8+ Bf8 33. Bg5+ $18) 32. Qg8+ Bf8 33. Bc6 (33. fxe4 $4 Qxc2+ 34. Ka1
Qxc1+ 35. Rxc1 Rxc1#) 33... Rxg8 34. hxg8=Q Nc3+ 35. Ka1 Qe7 36. Bg5 f6 37. Rh7
$18) 31... Qa5 32. Qg1 Nxe4 33. fxe4 Kc7 34. Qg4 Kb8 35. Qf5 {White has a
winning position. Black is entirely deprived of counterplay and cannot prevent
further activation of the white pieces.} Qa7 36. Qf1 {Threatening 37.Qb5+ Kc7
38.Be3 Qe3 39.Qb7+ Kd8 40.Qd7#.} Bd8 37. Qe1 {[%csl Rb4][%cal Ge1b4,Gc1e3,
Ge3a7] Attacking the b4 pawn and seizing the g1-a7 diagonal.} Ba5 38. Be3 Qa6
39. Qf2 Rcf8 40. Qf5 Bc7 41. Kc1 f6 42. Kd1 {Intending to transfer the rook to
the 7th rank via g1.} (42. Rg1 {is strongly met by} Bb6 $1) 42... Bb6 43. Bd2
Bc5 44. Qd7 Qb6 45. Qg7 Rd8 46. Bh6 Bd4 47. Qe7 Bg1 48. Rh3 Qd4+ 49. Bd2 Qb6
50. Rg3 {Threatening 51. Rg7 and 51.Rg8.} Qa7 {The queen exchange does not
resolve Black's problems.} 51. Qxa7+ Bxa7 52. Rg7 Bc5 53. c3 bxc3 54. Bxc3 Rdf8
55. b4 Bd4 56. Bxd4 exd4 57. b5 {Black is defenseless against the threat 58.b6
followed by Ra7-a8#.} 1-0